The Nepal Quiz - Statistics

General Stats
  • This quiz has been taken 1,604 times
  • The average score is 10 of 14
Answer Stats
Hint Answer % Correct
Which continent is Nepal in? Asia
99%
What is the capital city of Nepal? Kathmandu
87%
What is the highest Mountain in Nepal called? mt everest
85%
Which two countries border Nepal? China India
84%
What 3 colours make up the Nepalese Flag? red blue white
83%
What is the currency of Nepal? Rupee
75%
What is the main religion of Nepal? Hinduism
69%
What is the name of the mountain range of Nepal called? Himalayas
67%
Which famous religious figure was born in Nepal? Buddha
66%
What is the national language of Nepal known as? Nepali
66%
What is the most popular sport in Nepal? Cricket
60%
Which type of food is eaten daily by Nepalese people? Rice
60%
What type of country was Nepal before it became a republic in 2008? Kingdom
54%
What are the famous Nepalese Soldiers known as? Gurkhas
41%
No matching quizzes found
Score Distribution
Percent of People with Each Score
Percentile by Number Answered
Your Score History
You have not taken this quiz